003020000a22001090004500090001700000245004400017041001400061100002700075942001300102773006000115999001700175 aASbSeriadas10aDos palmas nuevas Ceroxylon de Colombia0 aEspañol1 aDugand, Armando999113 cARTICULO1 tMutisia: Acta Botánica Colombiana3893h14q1-6d1953 c15250d15250